Statistics for Players With 90+ Pace in Fifa 21

Click here to take the quiz!

General Stats

  • This quiz has been taken 40 times
  • The average score is 22 of 257

Answer Stats

PaceClubNationPlayer% Correct
96PSGFranceKylian Mbappe
100%
96Bayern MunichCanadaAlphonso Davies
93%
96WolvesSpainAdama Traore
83%
95Real MadridBrazilVinicius Junior
72%
95Manchester UnitedWalesDaniel James
69%
94Bayer LeverkusenJamaicaLeon Bailey
55%
93LiverpoolEgyptMohamed Salah
55%
93Sangju SanmuSouth KoreaMoon-Seon Min
52%
90Steaua BucurestiRomaniaFlorinel Coman
48%
93Bayern MunichFranceKingsley Coman
48%
93ArsenalGabonPierre-Emerick Aubameyang
48%
93Manchester CityEnglandRaheem Sterling
48%
94LiverpoolSenegalSadio Mane
48%
93Bayern MunichGermanyLeroy Sane
45%
93Newcastle UnitedFranceAllan Saint-Maximin
41%
93NapoliMexicoHirving Lozano
41%
94Athletic BilbaoSpainInaki Williams
41%
94Inter MilanMoroccoAchraf Hakimi
38%
93Bayern MunichBrazilDouglas Costa
38%
92WolvesPortugalNelson Semedo
38%
93Getafe CFMaliAbdoulay Diaby
34%
90Gaziantep FKTurkeyCenk Sahin
34%
94WatfordSenegalIsmaila Sarr
34%
93Bayer LeverkusenFranceMoussa Diaby
34%
94SL BenficaPortugalRafa
34%
91PSGBrazilNeymar
31%
92Manchester CityEnglandKyle Walker
28%
91Manchester UnitedEnglandMarcus Rashford
28%
91ChelseaGermanyTimo Werner
28%
90Crystal PalaceIvory CoastWilfried Zaha
28%
92WolvesPortugalDaniel Podence
24%
92Real MadridFranceFerland Mendy
24%
94AS MonacoPortugalGelson Martins
24%
90ParmaIvory CoastGervinho
24%
92FC BarcelonaFranceOusmane Dembele
24%
93RB SalzburgZambiaPatson Daka
24%
92Tottenham HotspurBrazilLucas Moura
21%
92AC MilanFranceTheo Hernandez
21%
93Al-NassrNigeriaAhmed Musa
17%
93Jiangsu SuningBrazilAlex Teixeira
17%
93RB LeipzigSouth KoreaHwang Hee-Chan
17%
91Ulsan HyundaiSouth KoreaKim Tae-Hwan
17%
93Molde FKIvory CoastMathis Bolly
17%
91Atletico MadridBelgiumYannick Carrasco
17%
90AjaxBrazilAntony
14%
92Newcastle UnitedUnited StatesDeAndre Yedlin
14%
93BesiktasFranceGeorges-Kevin Nkoudou
14%
91SampdoriaSenegalKeita Balde
14%
94AS MonacoSenegalKrepin Diatta
14%
91Leeds UnitedBrazilRaphinha
14%
91Leeds UnitedSpainRodrigo
14%
90Beijing GuoanDR CongoCedric Bakambu
10%
91LA GalaxyArgentinaCristian Pavon
10%
90Real SociedadSpainCristian Portu
10%
94Tianjin TEDAGhanaFrank Acheampong
10%
93FC UtrechtNetherlandsGyrano Kerk
10%
90AS MonacoNigeriaHenry Onyekuru
10%
94Norwich CityPolandPrzemyslaw Placheta
10%
94Stoke CityWalesRabbi Matondo
10%
92West Ham UnitedEnglandRyan Fredericks
10%
92Shakhtar DonetskBrazilTaison
10%
90Sevilla FCArgentinaAlejandro Gomez
7%
95Dijon FCOEcuadorAnibal Chala
7%
94Royal AntwerpPortugalAurelio Buta
7%
94CSKA MoscowNigeriaChidera Ejuke
7%
90PSV EindhovenNetherlandsDonyell Malen
7%
92Club BruggeNigeriaEmmanuel Dennis
7%
91PanathinaikosArgentinaFacundo Sanchez
7%
92SL BenficaArgentinaFranco Cervi
7%
92TSG HoffenheimTogoIhlas Bebou
7%
91Birmingham CitySpainIvan Sanchez
7%
92Stade RennesBelgiumJeremy Doku
7%
91RangersNorthern IrelandJordan Jones
7%
90Bayer LeverkusenGermanyKarim Bellarabi
7%
92FC PortoColombiaLuis Diaz
7%
92Racing ClubArgentinaMaxi Cuadra
7%
90Dinamo ZagrebCroatiaMislav Orsic
7%
92Peterborough UnitedEnglandRicky-Jade Jones
7%
91BrentfordEnglandRico Henry
7%
91Cadiz CFSpainSalvi Sanchez
7%
90Preston North EndIrelandSean Maguire
7%
94Boca JuniorsColombiaSebastian Villa
7%
92Union BerlinNetherlandsSheraldo Becker
7%
91OGC NiceAlgeriaYoucef Atal
7%
90Blackburn RoversEnglandAdam Armstrong
3%
91FC BaselFranceAldo Kalulu
3%
92RCD MallorcaSenegalAmath Ndiaye
3%
91Club BruggeNigeriaDavid Okereke
3%
90New England RevolutionGhanaEmmanuel Boateng
3%
91Dalian YifangGhanaEmmanuel Boateng
3%
94Vitoria GuimaraesMaliFalaye Sacko
3%
93Sporting KCGuinea-BissauGerso
3%
90Gornik ZabrzeGreeceGiannis Masouras
3%
91FC LuzernSenegalIbrahima Ndiaye
3%
92Birmingham CityFranceJeremie Bela
3%
90Bayer LeverkusenNetherlandsJeremie Frimpong
3%
91AtalantaDenmarkJoakim Maehle
3%
91Royal AntwerpBelgiumJordan Lukaku
3%
92Atlanta UnitedMexicoJurgen Damm
3%
90Lech PoznanPolandKamil Jozwiak
3%
94Ulsan HyundaiSouth KoreaKim-In Seong
3%
93VitesseBelgiumLois Openda
3%
92RC StrasbourgGhanaMajeed Waris
3%
93SC HeerenveenNetherlandsMitchell Van Bergen
3%
92FC NantesNigeriaMoses Simon
3%
91Coquimbo UnidoChileRuben Farfan
3%
90Philadelphia UnionBrazilSergio Santos
3%
93Shenzhen FCCongoThievy Bifouma
3%
94Preston North EndEnglandTom Barkhuizen
3%
92ParmaRomaniaValentin Mihaila
3%
91Fleetwood TownWalesWes Burns
3%
91Portland TimbersColombiaYimmi Chara
3%
91Abha ClubSaudi ArabiaAbdulaziz Al Jamaan
0%
90Scunthorpe UnitedSudanAbo Eisa
0%
93Gamba OsakaBrazilAdemilson
0%
90Velez SarsfieldArgentinaAgustin Bouzat
0%
90Dynamo DresdenGermanyAgyemang Diawusie
0%
90FC ZurichNigeriaAiyegun Tosin
0%
90Houston DynamoHondurasAlberth Elis
0%
91Atletico LanusArgentinaAlexander Bernabei
0%
93Rayo VallecanoSpainAlvaro Garcia
0%
91AntalyasporBrazilAmilton
0%
91Club AmericaColombiaAndres Ibarguen
0%
90Portland TimbersPeruAndy Polo
0%
90Gil VicenteFranceAntoine Leautey
0%
93SM CaenDR CongoArnold Isako
0%
93UD AlmeriaEnglandArvin Appiah
0%
90FC MidtjyllandAustraliaAwer Mabil
0%
90AC Le HavreTunisiaAyman Ben-Mohamed
0%
90HataysporNigeriaBabajide David Akintola
0%
91RangersEnglandBrandon Barker
0%
92SV DarmstadtGermanyBraydon Manu
0%
91FarenseArgentinaBrian Mansilla
0%
90FenerbahceNigeriaBright Osayi-Samuel
0%
91Atletico San LuisUruguayCamilo Mayada
0%
92FC IngolstadtCanadaCaniggia Elva
0%
90SivassporChadCasimir Ninga
0%
90Al-AdalahMadagascarCharles Carolus Andriamahitsinoro
0%
91Willem IINetherlandsChe Nunnely
0%
90Rotherham UnitedNigeriaChiedozie Ogbene
0%
90Henan JianyeCameroonChristian Bassogog
0%
90PenarolChileChristian Bravo
0%
93FeyenoordGermanyChristian Conteh
0%
92Arminia BielefeldAustriaChristian Gebauer
0%
90SC PaderbornGhanaChristopher Antwi-Adjej
0%
92BlackpoolEnglandCJ Hamilton
0%
90Tranmere RoversEnglandCorey Blackett-Taylor
0%
90Colchester UnitedEnglandCourtney Senior
0%
90US CraiovaRomaniaCristi Barbut
0%
90Yokohoma F. MarinosJapanDaizen Maeda
0%
91JuniorColombiaDaniel Moreno
0%
92StabaekNetherlandsDarren Maatsen
0%
91Niort ChamoisBeninDavid Djigla
0%
91FC DinamoRomaniaDeian Sorescu
0%
91Independiente MedellinColombiaDidier Delgado
0%
91FC BaselSwitzerlandDimitri Oberlin
0%
92St. MirrenIrelandDylan Connolly
0%
91Pau FCGhanaEbenezer Assifuah
0%
90Yokohoma F. MarinosBrazilEdigar Junio
0%
92FC UtrechtNetherlandsEljero Elia
0%
93StevenageEnglandElliott List
0%
91Odense BKUnited StatesEmmanuel Sabbi
0%
91Club TijuanaColombiaFabian Castillo
0%
92Al-IttihadSaudi ArabiaFahad Al-Muwallad
0%
90FC HeidenheimGermanyFlorian Pick
0%
90CS MaritimoFranceFrancois Xavier Fumu Tamuzo
0%
90JuniorColombiaFreddy Hinestroza
0%
90Sol De AmericaArgentinaGabriel Esparza
0%
90Rio AveBrazilGabrielzinho
0%
90Dynamo KyivUkraineGiorgi Tsitaishvili
0%
91Goztepe SKBrazilGuilherme
0%
90WalsallEnglandHayden White
0%
93Club LibertadParaguayHector Villalba
0%
91Al-WehdaPortugalHernani
0%
91IFK GoteborgSwedenHosam Aiesh
0%
91FC NordsjaellandGhanaIsaac Atanga
0%
92Club Plaza ColoniaUruguayIvan Salazar
0%
92Amiens SCSwedenJack Lahne
0%
90Swansea CityEnglandJamal Lowe
0%
90SV Waldhof MannheimGermanyJan Hendrix Marx
0%
92AntalyasporIvory CoastJean-Armel Drole
0%
92CD TondelaVenezuelaJhon Murillo
0%
90Girona FCColombiaJohan Mojica
0%
90FC NordsjaellandUnited StatesJonathan Amon
0%
90Swansea CityUnited StatesJordan Morris
0%
92OlimpiaParaguayJorge Rojas
0%
91Universidad CatolicaChileJose Pedro Fuenzalida
0%
92FC CincinnatiUnited StatesJoseph-Claude Gyau
0%
91DundalkUnited StatesJoshua Gatt
0%
90UNAMParaguayJuan Iturbe
0%
91FC NordsjaellandGhanaKamal-Deen Sulemana
0%
91Ipswich TownEnglandKayden Jackson
0%
91New England RevolutionUnited StatesKekuta Manneh
0%
95FC TokyoJapanKensuke Nagai
0%
90UdineseItalyKevin Lasagna
0%
901. FC KolnNetherlandsKingsley Ehizibue
0%
91Caykur RizesporPolandKonrad Michalak
0%
90Pohang SteelersSouth KoreaLee Gwang-Hyeok
0%
93Dinamo ZagrebKosovoLirim Kastrati
0%
91Viktoria KolnGermanyLucas Cueto
0%
93Rayo VallecanoPeruLuis Advincula
0%
91Tigres UANLColombiaLuis Quinones
0%
92Pohang SteelersColombiaManuel Palacios
0%
90Melbourne VictoryNew ZealandMarco Rojas
0%
91Yokohoma F. MarinosBrazilMarcos Junior
0%
93HibernianAustraliaMartin Boyle
0%
90Legia WarsawPolandMateusz Cholewiak
0%
90Cracovia KrakowPolandMateusz Wdowiak
0%
91Atletico San LuisArgentinaMatias Catalan
0%
90CrotoneItalyMattia Mustacchio
0%
90Club BanfieldColombiaMauricio Cuero
0%
91FC DallasColombiaMichael Barrios
0%
90CFR ClujFranceMichael Pereira
0%
93Jeonbuk Hyundai MotorsGambiaModou Barrow
0%
90Yeni MalatyasporIvory CoastMoryke Fofana
0%
90Nimes OlympiqueSenegalMoussa Kone
0%
90AntalyasporTurkeyNazim Sangare
0%
91BSC Young BoysCameroonNicolas Moumi Ngamaleu
0%
94Randers FCAustraliaNikola Mileusnic
0%
90Colo-ColoChileOscar Opazo
0%
91Oriente PetroleroChileOscar Salinas
0%
90Rapid WienAustriaPhilipp Schobesberger
0%
91CF FuenlabradaSpainPol Valentin
0%
92Chicago FirePolandPrzemyslaw Frankowski
0%
90FiorentinaNorwayRafik Zekhnini
0%
94BB ErzurumsporFranceRashad Muhammed
0%
90AIKSwedenRasmus Lindkvist
0%
90FC DallasUnited StatesReggie Cannon
0%
92Club AtlasEcuadorRenato Ibarra
0%
93Sanfreece HiroshimaBrazilRhayner
0%
91Velez SarsfieldArgentinaRicardo Centurion
0%
90Dijon FCOIvory CoastRoger Assale
0%
91FC St. PauliJapanRyo Miyaichi
0%
90Al-AhliSaudi ArabiaSalman Muwashar
0%
92RosenborgNigeriaSamuel Adegbenro
0%
92Al-AhliGhanaSamuel Owusu
0%
90Shrewsbury TownEnglandShaun Walley
0%
92MotherwellNetherlandsSherwin Seedorf
0%
91BrondbySwedenSimon Hedlund
0%
91Hannover 96GermanySimon Stehle
0%
93FC MagdeburgGermanySirlord Conteh
0%
90Kristiansund BKNorwaySondre Sorli
0%
90Sandefjord FotballNorwayStefan Mladenovic
0%
90Amiens SCColombiaStiven Mendoza
0%
91OlimpiaUruguayTabare Viudez
0%
93Sagan TosuJapanTakeshi Kanamori
0%
90Nottingham ForestZimbabweTendayi Darikwa
0%
90Grenoble FootGuyanaTerell Ondaan
0%
92Slavia PragueCzech RepublicTomas Malinsky
0%
93Sydney FCAustraliaTrent Buhagiar
0%
92Lech PoznanPolandTymoteusz Klups
0%
90Gwangju FCSouth KoreaUm-Won Sang
0%
90FC MetzCape VerdeVagner
0%
91San LorenzoArgentinaVictor Salazar
0%
91SC BragaBrazilWenderson Galeno
0%
93LA GalaxyColombiaYony Gonzalez
0%
92Al-WehdaFranceYoussoufou Niakate
0%

Score Distribution

Percentile by Number Answered

Percent of People with Each Score

Your Score History

You have not taken this quiz